02029nam a2200421 a 4500008004100000020001800041041000800059100002100067245006300088250008900151260003300240300001600273500011500289653006100404653004900465653003600514653013600550653008600686653002500772653004500797653002500842653003000867653007000897653004400967653003801011653002101049653005001070653008001120653008601200653003001286653003401316653004101350653005701391653002901448653005501477653005801532700001701590110629e2018 sp al. f |||| 001 0 spa d a9788491132066 aspa1 aTurnpenny, Peter aEmery. Elementos de Genética Médica /cPeter Turnpenny a15a ed. en español de la obra original en inglésbTraducción Elsevier España aBarcelona:bElsevier;c2018. a399 p.bil. aTurnpenny, P. y Ellard, S. (2018). Emery. Elementos de genética médica. (15a ed.). Barcelona : Elsevier.  aHistoria y repercusión de la genética en la medicina aBases celulares y moleculares de la herencia aCromosomas y división celular aDeterminación de la causa de los trastornos monogénicos mediante la identificación de los genes causantes de las enfermedades aTécnicas de laboratorio para el diagnóstico de las enfermedades monogénicas aPatrones de herencia aGenética de poblaciones y matemática aCálculo de riesgos aGenética del desarrollo aEnfermedades frecuentes, genética poligénica y multifuncional aCribado de las enfermedades genéticas aHemoglobina y hemoglobinopatías aInmunogenética aGenética del cáncer y cáncer genético aFarmacogenética, medicina personalizada y tratamiento de las enfermedades aAnomalías congéticas, síndromes dismórficos y dificultades de aprendizaje aTrastornos cromosómicos aMetabolopatías congénitas aPrincipales trastornos monogénicos aPruebas prenatales y genética de la reproducción aAsesoramiento genético aAspectos éticos y legales en genética médica aApéndice: páginas web y bases de datos clínicas1 aEllard, Sian